Paper from India for the British Commonwealth Forestry Conference. (Record no. 85092)

MARC details
000 -LEADER
fixed length control field 00594cam a22002051 4500
001 - CONTROL NUMBER
control field sa 68013407
003 - CONTROL NUMBER IDENTIFIER
control field DLC
005 - DATE AND TIME OF LATEST TRANSACTION
control field 20260227112621.0
008 - FIXED-LENGTH DATA ELEMENTS--GENERAL INFORMATION
fixed length control field 711115n ii 100 0 eng
010 ## - LIBRARY OF CONGRESS CONTROL NUMBER
LC control number sa 68013407
040 ## - CATALOGING SOURCE
Original cataloging agency DLC
Transcribing agency DLC
Modifying agency DLC
043 ## - GEOGRAPHIC AREA CODE
Geographic area code a-ii---
050 00 - LIBRARY OF CONGRESS CALL NUMBER
Classification number SD223
Item number .P34
245 00 - TITLE STATEMENT
Title Paper from India for the British Commonwealth Forestry Conference.
Remainder of title Agenda item.
260 ## - PUBLICATION, DISTRIBUTION, ETC.
Place of publication, distribution, etc. [New Delhi,
Name of publisher, distributor, etc. Vishva Bharatya Press]
300 ## - PHYSICAL DESCRIPTION
Extent v. in
Dimensions 23 cm.
650 #0 - SUBJECT ADDED ENTRY--TOPICAL TERM
Topical term or geographic name entry element Forests and forestry
Geographic subdivision India.
711 2# - ADDED ENTRY--MEETING NAME
Meeting name or jurisdiction name as entry element British Commonwealth Forestry Conference.
710 1# - ADDED ENTRY--CORPORATE NAME
Corporate name or jurisdiction name as entry element India.

No items available.

Powered by Koha